000 00642nam a22001457a 4500
020 _a978-0-241-58313-5
082 _a823
_bKIN/D
100 _aKINNEY, JEFF
245 _aDIARY OF A WIMPY KID NO BRAINER
260 _aLONDON
_bPENGUIN BOOKS
_c2023
300 _a217
520 _aUp until now, middle school hasn't exactly been a joyride for Greg Heffley. So when the town threatens to close the crumbling building, he's not too broken up about it. But when Greg realizes this means he's going to be sent to a different school than his best friend, Rowley Jefferson, he changes his tune.
650 _aCHILDRENS STORY BOOK
_zINDIA
942 _cBK
999 _c7166
_d7166